• 首页
  • 本馆介绍
  • 公告通知
  • 最新文献
  • 馆藏检索
  • 电子资源
  • 读者导购
  • 参考咨询
  • 我的图书馆
  • 登录
  • 详细信息显示
  • 放入我的书架
  • 预约/预借图书
  • 作者相关作品
  • 分类相关作品
  • 丛书相关作品
  • 出版社相关作品

书目信息

  • 表格格式
  • 工作单格式
  • 卡片格式
题名:
银杏丰产栽培实用技术
    
 
作者: 曹福亮 , 郁万文 编著
分册:  
出版信息: 北京   中国林业出版社  2011
页数: 128页
开本: 21cm
丛书名: 科技服务林改实用技术丛书
单 册:
中图分类: S792.95 , S792
科图分类:
主题词: 银杏--栽培技术 , 银杏
电子资源:
ISBN: 978-7-5038-6218-2
000 00894oam2 2200277 450
001 2346577708
005 20231216125704.35
010    @a978-7-5038-6218-2@dCNY 12.00
100    @a20110916d2011 em y0chiy0120 ea
101 0  @achi
102    @aCN@b110000
105    @aa z 000yy
200 1  @a银杏丰产栽培实用技术@b专著@f曹福亮,郁万文编著@Ayin xing feng chan zai pei shi yong ji shu
210    @a北京@c中国林业出版社@d2011
215    @a128页@c图@d21cm
225 2  @a科技服务林改实用技术丛书
330    @a本书介绍了银杏简介、银杏的品种选育及优良品种、银杏栽培技术、核用银杏丰产栽培技术、叶用银杏栽培技术等内容。
410  0 @1001003921950
606 0  @a银杏@x栽培技术
606 0  @a银杏
690    @aS792.95@v5
690    @aS792@v4
701  0 @a曹福亮@f(1957~)@4编著@Acao fu liang
701  0 @a郁万文@4编著@Ayu wan wen
801  2 @aCN@b辽宁北配@c20231205
905    @aBZT@dS792@e6
    
    银杏丰产栽培实用技术/曹福亮,郁万文编著.-北京:中国林业出版社,2011
    128页:图;21cm.-(科技服务林改实用技术丛书)
    
    
    ISBN 978-7-5038-6218-2:CNY 12.00
    本书介绍了银杏简介、银杏的品种选育及优良品种、银杏栽培技术、核用银杏丰产栽培技术、叶用银杏栽培技术等内容。
●
相关链接 在五车中查询图书 在当当中查询图书 在豆瓣中查询图书


正题名:银杏丰产栽培实用技术     索取号:S792/6         预约/预借

序号 登录号 条形码 馆藏地/架位号 状态 备注
1 2001637824   2001637824   辽三/辽宁北配(第三批)/2877/ [索取号:S792/6] 在馆    
2 2001637825   2001637825   辽三/辽宁北配(第三批)/2877/ [索取号:S792/6] 在馆    
3 2001637826   2001637826   辽三/辽宁北配(第三批)/2877/ [索取号:S792/6] 在馆    
4 2001637827   2001637827   辽三/辽宁北配(第三批)/2877/ [索取号:S792/6] 在馆    
5 2001637828   2001637828   辽三/辽宁北配(第三批)/2877/ [索取号:S792/6] 在馆    
6 2001637829   2001637829   辽三/辽宁北配(第三批)/2877/ [索取号:S792/6] 在馆    
7 2001637830   2001637830   辽三/辽宁北配(第三批)/2877/ [索取号:S792/6] 在馆    
8 2001637831   2001637831   辽三/辽宁北配(第三批)/2877/ [索取号:S792/6] 在馆    
9 2001637832   2001637832   辽三/辽宁北配(第三批)/2877/ [索取号:S792/6] 在馆    
10 2001637833   2001637833   辽三/辽宁北配(第三批)/2877/ [索取号:S792/6] 在馆    
11 2001637834   2001637834   辽三/辽宁北配(第三批)/2877/ [索取号:S792/6] 在馆    
12 2001637835   2001637835   辽三/辽宁北配(第三批)/2877/ [索取号:S792/6] 在馆    
13 2001637836   2001637836   辽三/辽宁北配(第三批)/2877/ [索取号:S792/6] 在馆    
14 2001637837   2001637837   辽三/辽宁北配(第三批)/2877/ [索取号:S792/6] 在馆    
15 2001637838   2001637838   辽三/辽宁北配(第三批)/2877/ [索取号:S792/6] 在馆    
16 2001637839   2001637839   辽三/辽宁北配(第三批)/2877/ [索取号:S792/6] 在馆    
17 2001637840   2001637840   辽三/辽宁北配(第三批)/2877/ [索取号:S792/6] 在馆    
18 2001637841   2001637841   辽三/辽宁北配(第三批)/2877/ [索取号:S792/6] 在馆    
19 2001637842   2001637842   辽三/辽宁北配(第三批)/2877/ [索取号:S792/6] 在馆    
20 2001637843   2001637843   辽三/辽宁北配(第三批)/2877/ [索取号:S792/6] 在馆    
21 2001637844   2001637844   辽三/辽宁北配(第三批)/2877/ [索取号:S792/6] 在馆    
22 2001637845   2001637845   辽三/辽宁北配(第三批)/2877/ [索取号:S792/6] 在馆    
23 2001637846   2001637846   辽三/辽宁北配(第三批)/2877/ [索取号:S792/6] 在馆    
24 2001637847   2001637847   辽三/辽宁北配(第三批)/2877/ [索取号:S792/6] 在馆    
25 2001637848   2001637848   辽三/辽宁北配(第三批)/2877/ [索取号:S792/6] 在馆    
26 2001637849   2001637849   辽三/辽宁北配(第三批)/2877/ [索取号:S792/6] 在馆    
27 2001637850   2001637850   辽三/辽宁北配(第三批)/2877/ [索取号:S792/6] 在馆    
28 2001637851   2001637851   辽三/辽宁北配(第三批)/2877/ [索取号:S792/6] 在馆    
29 2001637852   2001637852   辽三/辽宁北配(第三批)/2877/ [索取号:S792/6] 在馆    
30 2001637853   2001637853   辽三/辽宁北配(第三批)/2877/ [索取号:S792/6] 在馆    
山东省滨州职业学院图书馆 欢迎您!
大连网信软件有限公司© 版权所有